Many ways to reach your learning goal (Record no. 72483)
[ view plain ]
| 000 -LEADER | |
|---|---|
| fixed length control field | 01108cam a2200181 4500 |
| 001 - CONTROL NUMBER | |
| control field | ##ABS66600 |
| 008 - FIXED-LENGTH DATA ELEMENTS--GENERAL INFORMATION | |
| fixed length control field | 030410n2003 000 0 eng u |
| 035 ## - SYSTEM CONTROL NUMBER | |
| System control number | (Sirsi) u121959 |
| 041 0# - LANGUAGE CODE | |
| Language code of text/sound track or separate title | eng |
| 245 00 - TITLE STATEMENT | |
| Title | Many ways to reach your learning goal |
| 260 ## - PUBLICATION, DISTRIBUTION, ETC. | |
| Date of publication, distribution, etc. | 2003 |
| 490 #0 - SERIES STATEMENT | |
| Series statement | Estates Gazette |
| Volume/sequential designation | (0314) 5 April 2003, 114-115(2) |
| 520 ## - SUMMARY, ETC. | |
| Summary, etc. | This "Mainly for students" article on education and training looks at the role of the RICS, its commitment to lifelong learning and its APC programmes for graduates. Highlights the work of the Advantage West Midlands CPD Centre, Young Enterprise and Modern Apprenticeships in providing work-based learning opportunities, links to NVQs, key skills and technical certificates of achievement. Reviews progress on the RICS Certificate in Management Studies which all chartered surveyors qualifying with MRICS designation after 1 September 2004 will be required to achieve. |
| 590 ## - LOCAL NOTE (RLIN) | |
| Local note | ABS |
| 650 24 - SUBJECT ADDED ENTRY--TOPICAL TERM | |
| Topical term or geographic name entry element | RICS CERTIFICATE IN MANAGEMENT STUDIES |
| 690 ## - LOCAL SUBJECT ADDED ENTRY--TOPICAL TERM (OCLC, RLIN) | |
| Topical term or geographic name as entry element | CAREERS, EDUCATION AND TRAINING-QUALIFICATION ROUTES-ASSESSMENT OF PROFESSIONAL COMPETENCE |
| 942 ## - ADDED ENTRY ELEMENTS (KOHA) | |
| Suppress in OPAC | 0 |
| Withdrawn status | Lost status | Source of classification or shelving scheme | Damaged status | Not for loan | Home library | Current library | Shelving location | Date acquired | Total Checkouts | Full call number | Barcode | Date last seen | Copy number | Price effective from | Koha item type |
|---|---|---|---|---|---|---|---|---|---|---|---|---|---|---|---|
| Dewey Decimal Classification | London | London | Journal article | 10/04/2003 | ABS66600 | 121959-1001 | 06/08/2019 | 1 | 06/08/2019 | Journal article |